000 00397nam a22001217a 4500
999 _c9825
_d9825
003 OSt
008 201203b ||||| |||| 00| 0 eng d
245 _aInventi Impact Microfinance And Banking
250 _a2018(Jan-Mar Vol.2018 No.1, Apr-Jun Vol.2018 No.2, Jul-Sep Vol.2018 No.3, Oct-Dec Vol.2018 No.4)
260 _bInventi Journal [P] Ltd.
_aBhopal, M.P.
650 _aManagement
942 _2ddc
_cBV